Tot Barcelona, turisme total : la revista del món del turisme / la revista del món del turisme /
Descripción Física:
1 vol. ; periodicitat: desconeguda ; 42 cm
MARC
| LEADER | 00000nam a2200000Ia 4500 | ||
|---|---|---|---|
| 001 | 28667 | ||
| 003 | AGDB | ||
| 005 | 20260324175744.0 | ||
| 008 | 160829s9999 xx 000 0 cat d | ||
| 017 | |a B 20368-97 | ||
| 040 | |a agdb |b cat | ||
| 080 | |a Revistes | ||
| 110 | 2 | |a Barcelona (Catalunya : Província). |b Servei d'Esports i Turisme |9 54307 | |
| 245 | |a Tot Barcelona, turisme total : |b la revista del món del turisme / |c Diputació de Barcelona. Servei d'Esports i Turisme | ||
| 260 | |a Barcelona : |b Diputació de Barcelona. Servei d'Esports i Turisme ; |c 1997- | ||
| 300 | |a 1 vol. ; |b periodicitat: desconeguda ; |c 42 cm | ||
| 362 | |a Abr. 1997- | ||
| 650 | |a Turime |x Catalunya |x Revistes |9 40124 | ||
| 655 | 0 | |a Revistes |9 55823 | |
| 866 | |a 1997 (abril) | ||
| 901 | |a Arxiu | ||
| 942 | |n 1 |2 udc |c REV | ||
| 952 | |0 0 |1 0 |4 0 |6 REV2366 |7 1 |9 49425 |a Arxiu |b Arxiu |d 2016-12-01 |h Núm. abril 1997 |l 0 |o Rev-2366 |p 28667 |r 2016-12-01 00:00:00 |w 2016-12-01 |y ARXIU | ||
| 999 | |c 53267 |d 53267 | ||